Delay Sports Kader 23/24 - Statistiken

Allgemein
  • Dieses Quiz wurde 76 mal gespielt
  • Das Durchschnittsergebnis liegt bei 5 aus 35
Antwortstatistiken
Trikot Nr. Spieler % Korrekt
10 Friede
96%
1 Mittelstädt
51%
77 Kamarieh
36%
- Jahn
31%
- Schlitt
22%
31 Sawaneh
21%
- Dada
19%
- Filipiak
19%
8 Dennis Nissle
15%
5 Julius Nissle
15%
19 Fischer
13%
11 Kyeremeh
13%
9 Acar
12%
17 Beckmann
12%
25 Müller
12%
77 Pannewitz
12%
28 Rohana
10%
9 Torunarigha
10%
1 Ottenhus
9%
19 Wieland
7%
18 Korovay
6%
6 Malzahn
6%
11 Shekh Khalil
6%
20 Abdallah
4%
3 Bakirtas
4%
- Etike
4%
21 Incannova
4%
13 Iwanow
4%
- Kania
4%
- Wendenburg
4%
- Cakici
3%
- Engling
3%
- Stenzel
1%
31 Watted
1%
12 Wiedel
1%
Keine übereinstimmenden Quizze gefunden
Verteilung der Resultate
Anzahl Personen mit jedem Resultat
Perzentil nach korrekt beantworteten Fragen
Ihre Resultats-Entwicklung
Sie haben dieses Quiz noch nicht gespielt